Southville International School and Colleges
Your cart is empty.
  • Cart
  • Lists
    Public lists Eva Luna New books Lux_list list_1
    Your lists Log in to create your own lists
  • Log in to your account
  • Your cookies
  • Search history
Southville International School and Colleges
  • Advanced search
  • Recent comments
  • Most popular
  • Libraries

Log in to your account

Log in with GOOGLE


If you do not have an external account, but do have a local account, you can still log in:

  1. Home
  2. MARC view: Case studies in finance :
Normal view MARC view ISBD view

Case studies in finance : (Record no. 23466)

[ view plain ]
MARC details
000 -LEADER
fixed length control field 00606nam a2200205 a 4500
005 - DATE AND TIME OF LATEST TRANSACTION
control field 20140310183452.0
008 - FIXED-LENGTH DATA ELEMENTS--GENERAL INFORMATION
fixed length control field 090310s19uu xx 00 eng d
020 ## - INTERNATIONAL STANDARD BOOK NUMBER
International Standard Book Number 9780071254175
050 ## - LIBRARY OF CONGRESS CALL NUMBER
Classification number HG 4015.5
Item number .B78 2007
100 ## - MAIN ENTRY--PERSONAL NAME
Personal name Bruner, Robert F.
245 ## - TITLE STATEMENT
Title Case studies in finance :
Remainder of title managing for corporate value creation /
Statement of responsibility, etc Robert F. Bruner
250 ## - EDITION STATEMENT
Edition statement 5th ed.
260 ## - PUBLICATION, DISTRIBUTION, ETC. (IMPRINT)
Place of publication, distribution, etc Boston, U.S.A :
Name of publisher, distributor, etc McGraw-Hill,
Date of publication, distribution, etc 2007.
300 ## - PHYSICAL DESCRIPTION
Extent 785 p. :
Other physical details ill. ;
Dimensions 24 cm.
521 ## - TARGET AUDIENCE NOTE
Target audience note
650 ## - SUBJECT ADDED ENTRY--TOPICAL TERM
Topical term or geographic name as entry element BSBA.
650 ## - SUBJECT ADDED ENTRY--TOPICAL TERM
Topical term or geographic name as entry element Corporations
General subdivision Finance
-- Case Studies.
942 ## - ADDED ENTRY ELEMENTS (KOHA)
Koha item type Books
Source of classification or shelving scheme Library of Congress Classification
Call number prefix Foreign
Holdings
Withdrawn status Lost status Source of classification or shelving scheme Damaged status Home library Current library Shelving location Date acquired Source of acquisition Cost, normal purchase price Total Checkouts Full call number Barcode Date last seen Copy number Price effective from Koha item type
    Library of Congress Classification   College Library College Library General Circulation Section 03/10/2009 Donation 2507.00   HG 4015.5 .B78 2007 C10250 05/15/2018 1 10/18/2013 Books

Case studies in finance :

APA

Bruner R. F., . (2007). Case studies in finance. Boston, U.S.A: McGraw-Hill.

Chicago

Bruner Robert F, . 2007. Case studies in finance. Boston, U.S.A: McGraw-Hill.

Harvard

Bruner R. F., . (2007). Case studies in finance. Boston, U.S.A: McGraw-Hill.

MLA

Bruner Robert F, . Case studies in finance. Boston, U.S.A: McGraw-Hill. 2007.

  • Place hold
  • Print
  • Cite
  • Add to your cart (remove)
  • Save record
    BIBTEX Dublin Core MARCXML MARC (non-Unicode/MARC-8) MARC (Unicode/UTF-8) MARC (Unicode/UTF-8, Standard) MODS (XML) RIS
  • More searches
    Search for this title in:
    Other Libraries (WorldCat) Other Databases (Google Scholar) Online Stores (Bookfinder.com) Open Library (openlibrary.org)

Exporting to Dublin Core...

SOUTHVILLE LIBRARY

Southville International School and Colleges Library

1281 Tropical Ave. Cor. Luxembourg St., BF Homes International, Las Pinas City

Tel. No. 8256374 / 252358 Loc. 117/146

Powered by Koha